Red Queen Series - Statistics

General Stats
  • This quiz has been taken 136 times
  • The average score is 12 of 17
Answer Stats
Clues Answer % Correct
The second son of the king of Norta. The one who betrayed Mare Maven
93%
How old is Mare? 18
86%
Mare's Brother who had silver powers. Shade
86%
Mare's Best Friend Kilorn
85%
What blooded people were rulers over the red, and had powers? Silver
85%
What power did Cal have? Fire
84%
How old is Cal? 20
83%
Author of Red queen Victoria Aveyard
80%
Who could manipulate metal and was a lesbian? Evangeline
79%
Mare's sister Gisa
79%
What was Shade able to do? Teleport
72%
Shade's Lover Farley
71%
What power did Mare have? Lightning
66%
The prince of Norta. Mare's love Tiberias Calore
60%
The silver queen who is a whisperer Elara Merandus
49%
Thank you! Your Welcome.
26%
The red girl with silver powers Mare Barrows
19%
No matching quizzes found
Score Distribution
Percent of People with Each Score
Percentile by Number Answered
Your Score History
You have not taken this quiz